00731nam a2200241 a 4500001001300000003000900013005001700022008004100039020001000080082001400090100002800104245006900132260004000201300000900241500003500250505001300285650001900298700002800317902000800345942000700353952011400360999001500474nice12345678IN_TiNIC20260116011909.0050524s1933 luca grp 000 0 eng  ac10000a270bCAR1 aCarpenter, Mary Francis aHeroes of the Christian Church and Heralds of the Kingdom of God aLucknowbOxworth Book Servicec1933 a127p aincludes index and biblioraphy2 aAppendix aChurch-History1 aCarpenter, Mary Francis bSRS cBK 001040708StackRoom-aHMIbHMId2007-07-16g100.00l0o270 CAR1p06671r2007-07-16v100.00w2005-05-24yBK c4782d4782